Hannover 96 Quiz - Statistiken

Allgemein
  • Dieses Quiz wurde 354 mal gespielt
    340 seit der letzten Aktualisierung
  • Das Durchschnittsergebnis liegt bei 19 aus 31
Antwortstatistiken
Hint Antwort % Korrekt
In welchem Jahr wurde Hannover 96 gegründet? 1896
100%
Wie heißt die Hymne von Hannover 96? 96 Alte Liebe
86%
Wie heißt der See, an dem diese gelegen ist? Maschsee
85%
Wie heißt die Heimspielstädte, in der Hannover 96 spielt? (Traditioneller Name) Niedersachsenstadion
83%
Wie lautet eine andere gängige Abkürzung, die sich auch ein anderer Norddeutscher Verein auf die Fahne geschrieben hat? HSV
81%
Welcher Spieler von Hannover 96 wurde 2014 Fußballweltmeister mit der DFB-Elf Ron-Robert Zieler
81%
Welcher Spieler von Hannover 96 nahm sich 2009 das Leben und machte damit auf die Krankheit Depressionen bei Sportlern aufmerksam Robert Enke
79%
Wie viele Zuschauer passen im Ligabetrieb in das oben genannte Stadion? 49200
76%
Wie werden die Spieler im Volksmund oftmals genannt? Die Roten
74%
Wie heißt der Slogan von Hannover 96? Niemals Allein
73%
Wer ist der Erzrivale von Hannover 96? BTSV
71%
Was war das besondere an diesem Pokalsieg, das bis heute kein anderer Verein geschafft hat? Pokalsieger als Zweitligist
70%
Wann wurde Hannover 96 DFB-Pokalsieger 1992
69%
Wann wurde Hannover 96 zum zweiten mal Deutscher Meister? 1954
67%
Welcher gebürtige Hannoveraner und Ex-96er traf bei der WM 2022 zweimal für die DFB-Elf Niclas Füllkrug
67%
Wann wurde Hannover 96 zum ersten mal Deutscher Meister? 1938
62%
Gegen wen siegte Hannover 96 in der oben genannten Pokalsaison im Finale? Borussia Mönchengladbach
62%
Welches war der größte internationale Erfolg von Hannover 96 Europapokal Viertelfinale
61%
Mit welchem nationalen Verein besteht die stärkste Fanfreundschaft? Hamburger SV
61%
Wie wird dieser in der Landeshauptstadt genannt, um den Namen nicht aussprechen zu müssen? Peine Ost
60%
Welcher Weltmeister von 2014 und langjähriger Stammspieler der DFB-Elf wurde in der Jugend von Hannover 96 ausgebildet? Per Mertesacker
54%
Wie hieß der Pokalheld aus der genannten Saison Jörg Sievers
49%
An welchem Tag feiert Hannover 96 seinen Geburtstag? 12. April
45%
Welcher ehemalige Bundeskanzler ist bekennender 96 Fan? Gerhard Schröder
45%
Wer sang die die oben genannte Hymne von 2010-2017 live vor jedem Heimspiel? Dete Kuhlmann und Oswald „Osssy“ Pfeiffer
44%
Welcher deutsche Komiker ist ebenfalls bekennender 96 Fan? Oliver Pocher
42%
Welcher Spieler war von der Saison 98/99 bis zu seinem Karriereende 2014 bei Hannover 96? Steven Cherundolo
41%
Welcher Verein in Niedersachsen hat mehr Mitglieder als Hannover 96? Keiner
37%
Mit welchem internationalen Verein wird seit 2022 wieder eine starke Fanfreundschaft gepflegt? AIK Stockholm
31%
Wie heißt eine der führenden Ultra-Gruppierungen in den Fanreihen von Hannover 96? Komplott Hannovera,West Hannover, Passion & Pride, Gruppe Unterrang
29%
Wie wird die Dreiecksfreundschaft mit dem oben genannten Verein und Arminia Bielefeld genannt? Nordallianz
20%
Keine übereinstimmenden Quizze gefunden
Verteilung der Resultate
Anzahl Personen mit jedem Resultat
Perzentil nach korrekt beantworteten Fragen
Ihre Resultats-Entwicklung
Sie haben dieses Quiz seit der letzten Aktualisierung nicht gespielt